000 00611cam a22002291 4500
001 sa 64008668
003 DLC
005 20260227112055.0
008 940602m19609999ii 000 0 beno
010 _asa 64008668
025 _aPL480:EP-B-137
035 _a(OCoLC)30538529
040 _aDLC
_cCU
_dCU
_dDLC
050 0 0 _aBP174
_b.G512
100 0 _aGhazzālī,
_d1058-1111.
245 1 0 _aEhiẏāo ulumiddīna bā ehiẏāul ulūma.
260 _a[Dacca,
_bAzifa Khatun,
_c1960-
300 _av.
_c25 cm.
500 _aIn Bengali.
650 0 _aIslam
_xCustoms and practices.
700 1 _aKarim, Fazlul.
999 _c60949
_d60949